书目信息 |
| 题名: |
父母在青少年肥胖中的角色
|
|
| 作者: | 温煦 著 | |
| 分册: | ||
| 出版信息: | 北京 中央编译出版社 2012.09 |
|
| 页数: | 319页 | |
| 开本: | 21cm | |
| 丛书名: | ||
| 单 册: | ||
| 中图分类: | R589.2 | |
| 科图分类: | ||
| 主题词: | 家庭教育--影响--青少年--肥胖病 , 家庭教育 , 青少年 , 肥胖病 | |
| 电子资源: | ||
| ISBN: | 978-7-5117-1466-4 | |
| 000 | 00866nam0 2200277 450 | |
| 001 | 005708783 | |
| 005 | 20160516095217.15 | |
| 010 | @a978-7-5117-1466-4@dCNY58.00 | |
| 100 | @a20121130d2012 em y0chiy50 ea | |
| 101 | 0 | @achi@aeng |
| 102 | @aCN@b110000 | |
| 105 | @aak z 001yy | |
| 106 | @ar | |
| 200 | 1 | @a父母在青少年肥胖中的角色@9fu mu zai qing shao nian fei pang zhong de jue se@dRole of parents in adolescent obesity@f温煦著@zeng |
| 210 | @a北京@c中央编译出版社@d2012.09 | |
| 215 | @a319页@c图@d21cm | |
| 330 | @a本书研究了父母在儿童肥胖控制方面的作用。 | |
| 510 | 1 | @aRole of parents in adolescent obesity@zeng |
| 606 | 0 | @a家庭教育@x影响@x青少年@x肥胖病 |
| 606 | 0 | @a家庭教育 |
| 606 | 0 | @a青少年 |
| 606 | 0 | @a肥胖病 |
| 690 | @aR589.2@v5 | |
| 701 | 0 | @a温煦@9wen xu@4著 |
| 801 | 0 | @aCN@bNLC@c20121130 |
| 905 | @b877492-97@dR589.2@e131@f6 | |
| 父母在青少年肥胖中的角色=Role of parents in adolescent obesity/温煦著.-北京:中央编译出版社,2012.09 |
| 319页:图;21cm |
| ISBN 978-7-5117-1466-4:CNY58.00 |
| 本书研究了父母在儿童肥胖控制方面的作用。 |
| ● |
| 相关链接 |
|
|
|
|
正题名:父母在青少年肥胖中的角色
索取号:R589.2/131
 
预约/预借
| 序号 | 登录号 | 条形码 | 馆藏地/架位号 | 状态 | 备注 |
| 1 | 877492 | 208774922 | 第二样本阅览室/ [索取号:R589.2/131] | 在馆 | |
| 2 | 877493 | 208774931 | 教育系资料室/ [索取号:R589.2/131] | 在馆 | |
| 3 | 877494 | 208774940 | 教育系资料室/ [索取号:R589.2/131] | 在馆 | |
| 4 | 877495 | 208774959 | 教育系资料室/ [索取号:R589.2/131] | 在馆 | |
| 5 | 877496 | 208774968 | 第三借阅区/ [索取号:R589.2/131] | 在馆 | |
| 6 | 877497 | 208774977 | 第三借阅区/ [索取号:R589.2/131] | 在馆 |